000 00422nam a2200181Ia 4500
001 10876
005 20260306161904.0
008 260306t2008||||xx |||||||||||||| ||spa||
041 _aESP
082 _a980
_bH59 V. 8
100 _aPalacios, Marco
_eAUT
245 0 _aAmérica Latina desde 1930
260 _c2008
300 _a643 páginas :
_c25 cm.
650 _aGEN
654 _aCHU
942 _cLIB
_dJUS
_fJUS
_2ddc
_n
999 _c10876
_d10876